000 00835nam a2200181Ia 4500
008 100920s9999 xx 000 0 und d
082 _b96189
_a320 न 06
100 _aके सागर.पाटील व्ही बी.
245 _aभारताची राज्यघटना साध्या सोप्या शब्दात.
260 _bकेसागर पब्लिकेशनस्र, पुणे.
_c2006
300 _a452
_bसाधी
365 _b160
520 _aराजकारण.
630 _aभारताची राज्यघटना साध्या सोप्या शब्दात.
650 _aराजकारण.
730 _aभारताची राज्यघटना साध्या सोप्या शब्दात.
942 _cBOOK
999 _c736629
_d736626